| 000 | 00923nas a2200313 4500 | ||
|---|---|---|---|
| 001 | BR0809317 | ||
| 003 | BR-BrBNA | ||
| 005 | 20231205112527.0 | ||
| 007 | ta | ||
| 008 | 230509b bl.|||p| |||| 00| 00por d | ||
| 040 |
_aBR-BrBNA _bpor _cBiblioteca Nacional de Agricultura |
||
| 041 | _a(Pt) | ||
| 072 | _aQ04 | ||
| 100 | 1 | _aSouza, F.T. | |
| 100 | 1 | _aMargarites, A.C. | |
| 100 | 1 | _aColla, L.M. | |
| 100 | 1 | _aCosta, J.A.V. | |
| 100 | 1 | _aBertolin, T.E. | |
| 245 | 1 | _aAvaliação do potencial antioxidante da ficocianina em sistema lipídico óleo de soja e azeite de oliva | |
| 650 | _aÓLEO VEGETAL | ||
| 650 | _aSOJA | ||
| 650 | _aAZEITE | ||
| 650 | _aLIPÍDIO | ||
| 650 | _aANTIOXIDANTE | ||
| 650 | _aANÁLISE QUÍMICA | ||
| 773 | 0 |
_tAlimentos e Nutrição (Brazil) _xISSN 0103-4235 _g(Jul-Sep 2006), v. 17(3) p. 275-279 _wBR0809317 |
|
| 909 |
_a202311 _bLúcia _c55 _dLúcia Elande |
||
| 942 |
_2AGRIS _n0 _cANA |
||
| 999 |
_c198513 _d198513 |
||